| 000 | 00355nam a2200157Ia 4500 | ||
|---|---|---|---|
| 003 | GCL | ||
| 040 |
_aGCL / _cGCL |
||
| 082 | 0 | 4 |
_a069.0598 _bK B |
| 100 | 1 | _aKREBS, G | |
| 245 | 1 | 0 |
_aBALI: MENSCHEN ZUISCHEN GOTTERN UND DAMONEN / _cKREBS, G |
| 300 | _a15 P | ||
| 650 | 0 | 4 | _aMUSEUMS |
| 650 | 0 | 4 | _aINDONESIA |
| 650 | 0 | 4 | _aINDONESIA MUSEUM |
| 942 |
_2ddc _cBK |
||
| 999 |
_c15462 _d15462 |
||